| 000 | 00416nam a2200169Ia 4500 | ||
|---|---|---|---|
| 005 | 20250423101441.0 | ||
| 008 | 250422s9999 xx 000 0 und d | ||
| 020 | _a9781250309358 | ||
| 050 | _aPS 3612.E62 .L47/ | ||
| 100 | _aLepionka, Kristen | ||
| 245 | 4 | _aThe stories you tell : a Roxane Weary Mystery | |
| 260 | _aNew York | ||
| 260 | _bMinotaur Books | ||
| 260 | _c2019 | ||
| 300 | _a342 p | ||
| 942 | _cBK | ||
| 999 |
_c36335 _d36335 |
||